000 00469nam a2200169Ia 4500
008 220216s9999 xx 000 0 und d
100 _aVarma R
245 0 _aColonization of Botryodiplodia theobromae Pat. in rubber seeds
260 _bIndian Journal of Natural Rubber Research
_c1990
300 _a66-68
650 _aBotryodiplodia theobromae
650 _aHevea brasiliensis
650 _aRubber seed
700 _aSingh D
700 _aSingh T
942 _cJS
999 _c55852
_d55852